Communication and language skills / (Record no. 143746)

MARC details
000 -LEADER
fixed length control field 00605nam a22001817a 4500
005 - DATE AND TIME OF LATEST TRANSACTION
control field 20170824111919.0
010 ## - LCCN (DPL NO)
LC control number ENG-120018
020 ## - INTERNATIONAL STANDARD BOOK NUMBER
International Standard Book Number 9781107497016
Terms of availability 275.00
035 ## - SYSTEM CONTROL NUMBER
System control number EN-103550
037 ## - SOURCE OF ACQUISITION
Source of stock number/acquisition DBAD/PUB
082 ## - DEWEY DECIMAL CLASSIFICATION NUMBER
Classification number 485
100 ## - MAIN ENTRY--PERSONAL NAME
Personal name Sen, Sanghita
245 ## - TITLE STATEMENT
Title Communication and language skills /
Statement of responsibility, etc by Sangita Sen, Alankrita Mahendra [and] Priyadarshi Patnaik
260 ## - PUBLICATION, DISTRIBUTION, ETC. (IMPRINT)
Place of publication, distribution, etc Delhi
Name of publisher, distributor, etc Cambridge University Press
Date of publication, distribution, etc 2015
270 ## - ADDRESS
Address 4843/24, 2nd Floor, Ansari Road, Daryaganj,
City Delhi
Postal code 110002
300 ## - PHYSICAL DESCRIPTION
Extent 300p. :
Dimensions 24cm(pbk)
Other physical details ill.
Accompanying material CD - ROMs
942 ## - ADDED ENTRY ELEMENTS (KOHA)
Source of classification or shelving scheme Dewey Decimal Classification
Item type English Books
Classification part 485
Call number suffix SEN
Holdings
Withdrawn status Lost status Not for loan Collection code Home library Current library Date acquired Source of acquisition Cost, normal purchase price Full call number Barcode Copy number Cost, replacement price Koha item type
    Not For Loan Non-fiction D.B.Act.Division D.B.Act.Division 24/08/2017 DBAD/PUB 275.00 485 SEN EN-103550 1 275.00 English Books

© Delhi Public Library
Hit Counter
free hit counter